000 00381nam a2200169Ia 4500
001 24091
003 IN-NITTTR
005 20251114233309.0
008 251113s9999||||xx |||||||||||||| ||eng||
040 _beng
040 _cIN-NITTTR
041 _aeng
082 _a577 S23E
100 _aSharma, P. D.
245 0 _aEcology and environment. /
_cSharma, P. D.
942 _2ddc
_cBK
999 _c26720
_d26720